| 000 | 00389nam a2200157Ia 4500 | ||
|---|---|---|---|
| 003 | GCL | ||
| 008 | 140319s9999 xx 000 0 eng d | ||
| 040 |
_aGCL / _cGCL |
||
| 082 | 0 | 4 |
_aA _b743 _bT D |
| 100 | 1 | _aTHVOZ, MICHEL | |
| 245 | 1 | 0 |
_aDUBUFFET / _cTHVOZ, MICHEL |
| 260 |
_a[S.N] : _bSKIRA ، _c1986 |
||
| 300 | _a282 PP | ||
| 650 | 0 | 4 | _aDRAWING AND DRAWING BY SUBJECT |
| 942 |
_2ddc _cBK |
||
| 999 |
_c16969 _d16969 |
||